01640 2200373 4500001002100000005001500021035002000036007000300056008004100059020002200100082001500122084002400137100003100161245021200192300004200404650002400446650001500470700002800485700003500513700002800548700002400576700002900600700002800629700003600657700002800693700003400721520036000755264004501115336002101160337003001181338002301211990001601234990001601250INLIS00000000116424720240808033741 a0010-0824000069ta240808 g 0 ind  a978-602-06-6264-0 a910.259827 aSR 910.259827 CYR g0 aCyrillus Harinowoepenulis1 aGunungkidul the next bali /cCyrillus Harinowo, Inge Setiawati, Ugahary Yovvy Chandra, Sapto Rachmadi, Dwi Narini, Tanti Sutrandra, Harry Sugiarto, Fredericus Adi Waskita, FX. Sugiyanto, Handryx Indra Pradja axv, 254 halaman :bilustrasi ;c23 cm 4aIndustri pariwisata 4aYogyakarta0 aInge Setiawatiepenulis0 aUgahary Yovvy Chandraepenulis0 aSapto Rachmadiepenulis0 aDwi Nariniepenulis0 aTanti Sutrandraepenulis0 aHarry Sugiartoepenulis0 aFredericus Adi Waskitaepenulis0 aSugiyanto, FX.epenulis0 aHandryx Indra Pradjaepenulis aBuku ini mengungkapkan bahwa Gunungkidul memiliki ragam kekayaan pariwisata yang unik. Gunungkidul memiliki 50 pantai yang setiap pantainya memiliki keunikan masing - masing, baik dari sisi kontur perbukitan, lapisan karang, hingga hamparan pasir. Ke-50 pantai tersebut layak untuk dikembangkan sebagai destinasi pariwisata umum, resor dan pantai pribadi. aJakarta :bGramedia Pustaka Utama,c2022 2rdacontentateks 2rdamediaatanpa perantara 2rdacarrieravolume a53626.66446 a53627.66447